ARRUPE JESUIT UNIVERSITY

CORONAVIRUS -STOP THE SPREAD - CLEAN,DISINFECT,COVER

The ecstasy of communication / (Record no. 120931)

MARC details
000 -LEADER
fixed length control field 01374cam a22003857a 4500
001 - CONTROL NUMBER
control field 17672014
003 - CONTROL NUMBER IDENTIFIER
control field ARRUPE
005 - DATE AND TIME OF LATEST TRANSACTION
control field 20140924142840.0
008 - FIXED-LENGTH DATA ELEMENTS--GENERAL INFORMATION
fixed length control field 130325s2012 cau b 000 0 eng d
010 ## - LIBRARY OF CONGRESS CONTROL NUMBER
LC control number 2012285298
015 ## - NATIONAL BIBLIOGRAPHY NUMBER
National bibliography number GBB275216
Source bnb
016 7# - NATIONAL BIBLIOGRAPHIC AGENCY CONTROL NUMBER
Record control number 016135962
Source Uk
020 ## - INTERNATIONAL STANDARD BOOK NUMBER
International Standard Book Number 9781584350576 (pbk.)
020 ## - INTERNATIONAL STANDARD BOOK NUMBER
International Standard Book Number 1584350571 (pbk.)
035 ## - SYSTEM CONTROL NUMBER
System control number (OCoLC)ocn805018357
040 ## - CATALOGING SOURCE
Original cataloging agency UKMGB
Language of cataloging eng
Transcribing agency UKMGB
Modifying agency OCLCO
-- YDXCP
-- CDX
-- BWX
-- IXA
-- AU@
-- CUZ
-- DLC
041 1# - LANGUAGE CODE
Language code of text/sound track or separate title eng
Language code of original and/or intermediate translations of text fre
042 ## - AUTHENTICATION CODE
Authentication code lccopycat
050 00 - LIBRARY OF CONGRESS CALL NUMBER
Classification number BD450
Item number .B35713 2012
082 04 - DEWEY DECIMAL CLASSIFICATION NUMBER
Classification number 302.2
Edition number 23
300 ## - PHYSICAL DESCRIPTION
Dimensions 23 cm.
100 1# - MAIN ENTRY--PERSONAL NAME
Personal name Baudrillard, Jean,
Dates associated with a name 1929-2007.
9 (RLIN) 7655
240 10 - UNIFORM TITLE
Uniform title <a href="Autre par lui-même.">Autre par lui-même.</a>
Language of a work English
245 14 - TITLE STATEMENT
Title The ecstasy of communication /
Statement of responsibility, etc Jean Baudrillard ; introduction by Jean-Louis Violeau ; translated by Bernard Schütze and Caroline Schütze.
260 ## - PUBLICATION, DISTRIBUTION, ETC. (IMPRINT)
Place of publication, distribution, etc Los Angeles, CA :
Name of publisher, distributor, etc Semiotext(e),
Date of publication, distribution, etc c2012.
300 ## - PHYSICAL DESCRIPTION
Extent 87 p. ;
490 0# - SERIES STATEMENT
Series statement Semiotext(e) foreign agents series
504 ## - BIBLIOGRAPHY, ETC. NOTE
Bibliography, etc Includes bibliographical references (p. 85-87).
546 ## - LANGUAGE NOTE
Language note Translated from the French.
650 #0 - SUBJECT ADDED ENTRY--TOPICAL TERM
Topical term or geographic name as entry element Human beings.
9 (RLIN) 11571
650 #0 - SUBJECT ADDED ENTRY--TOPICAL TERM
Topical term or geographic name as entry element Communication.
9 (RLIN) 11572
650 #0 - SUBJECT ADDED ENTRY--TOPICAL TERM
Topical term or geographic name as entry element Alienation (Social psychology)
9 (RLIN) 11573
906 ## - LOCAL DATA ELEMENT F, LDF (RLIN)
a 7
b cbc
c copycat
d 2
e ncip
f 20
g y-gencatlg
942 ## - ADDED ENTRY ELEMENTS (KOHA)
Source of classification or shelving scheme Library of Congress Classification
Koha item type Monograph ( Printed materials)
Holdings
Withdrawn status Lost status Source of classification or shelving scheme Damaged status Not for loan Collection code Home library Current library Shelving location Date acquired Total Checkouts Full call number Barcode Date last seen Date checked out Price effective from Koha item type
    Library of Congress Classification     Main Collection ARRUPE LIBRARY ARRUPE LIBRARY Main Collection 24/09/2014 1 BD450 .B35713 2012 46500001422 25/09/2018 14/09/2018 24/09/2014 Monograph ( Printed materials)

 

Arrupe Library. PO Box MP320 Mt Pleasant, Harare, Zimbabwe
263 242 745411|librarian@aju.ac.zw